Phát triển sản phẩm chủ lực Đồng bằng sông Cửu Long đến năm 2020

Trình bày cơ sở khoa học cho việc xác định sản phẩm chủ lực và phát triển sản phẩm chủ lực. Thực trạng xác định và phát triển sản phẩm chủ lực đồng bằng sông Cửu Long thời gian qua. Xác định sản phẩm chủ lực và phát triển sản phẩm chủ...

Fuld beskrivelse

Đã lưu trong:
Bibliografiske detaljer
Hovedforfatter: Nguyễn, Hồng Gấm
Format: Bog
Sprog:Undetermined
Udgivet: Cần Thơ Đại học Cần Thơ 2015
Fag:
Tags: Tilføj Tag
Ingen Tags, Vær først til at tagge denne postø!
Thư viện lưu trữ: Trung tâm Học liệu Trường Đại học Cần Thơ
LEADER 01146nam a2200217Ia 4500
001 CTU_200043
008 210402s9999 xx 000 0 und d
082 |a 338.17 
082 |b G120 
088 |a 603110 
100 |a Nguyễn, Hồng Gấm 
245 0 |a Phát triển sản phẩm chủ lực Đồng bằng sông Cửu Long đến năm 2020 
245 0 |c Nguyễn Hồng Gấm 
260 |a Cần Thơ 
260 |b Đại học Cần Thơ 
260 |c 2015 
520 |a Trình bày cơ sở khoa học cho việc xác định sản phẩm chủ lực và phát triển sản phẩm chủ lực. Thực trạng xác định và phát triển sản phẩm chủ lực đồng bằng sông Cửu Long thời gian qua. Xác định sản phẩm chủ lực và phát triển sản phẩm chủ lực đồng bằng sông Cửu Long đến năm 2020 
650 |a Agriculture,Products,Nông nghiệp 
650 |x Economic aspects,Khía cạnh kinh tế 
904 |i Tuyen 
980 |a Trung tâm Học liệu Trường Đại học Cần Thơ